| 000 | 00823na a2200277 4500 | ||
|---|---|---|---|
| 001 | 14215 | ||
| 003 | MIRAKIL | ||
| 005 | 20181213155025.0 | ||
| 008 | 161018b tu 000 0 | ||
| 020 | _a9759722623 | ||
| 035 | _a14215 | ||
| 040 |
_aMilas _btur _cTR-AnCHP |
||
| 041 | _atur | ||
| 082 |
_aATA 923.156 _bO22k 2006 |
||
| 090 | _aATA 923.156 O22k 2006 | ||
| 100 | _aOdabaşıoğlu, Fuat | ||
| 245 |
_aKarakterleri ile Atatürk _cFuat Odabaşıoğlu |
||
| 260 |
_aAntakya _bSelçuk Üniversitesi _c2006 |
||
| 300 |
_a180 s. _c21 sm. |
||
| 500 | _aYapıt yazarından imzalıdır. | ||
| 504 | _aKaynakça var. | ||
| 600 |
_aAtatürk, Mustafa Kemal _xYaşamöyküsü |
||
| 600 |
_aAtatürk, Mustafa Kemal _d1881-1938 _xAnılar |
||
| 600 |
_aAtatürk, Mustafa Kemal _d1881-1938 _xKişilik |
||
| 942 |
_2ddc _cBKS |
||
| 999 |
_c5016 _d5016 |
||